Statistics for Countries Closest to Hawaii - 15 Second Sprint

Click here to take the quiz!

General Stats

  • This quiz has been taken 21 times
  • The average score is 4 of 20

Answer Stats

kmcountrymiles% Correct
5483Japan3407
45%
4010Mexico2492
40%
4090Canada2541
40%
1886Kiribati1172
35%
4825Russia2998
30%
4720Fiji2933
25%
6384China3967
25%
4040Samoa2510
25%
4342Nauru2698
25%
4746Micronesia2949
20%
3985Tuvalu2476
20%
3407Marshall Islands2117
15%
4490Niue2790
15%
6633Guatemala4121
15%
4933Tonga3065
10%
5401Vanuatu3356
10%
4487Cook Islands2788
10%
5855Papua New Guinea3638
5%
5423Solomon Islands3370
0%
6711North Korea4170
0%

Score Distribution

Percentile by Number Answered

Percent of People with Each Score

Your Score History

You have not taken this quiz